Fundamentals of management : Selected readings
| Main Author: | |
|---|---|
| Other Authors: | , |
| Format: | Book |
| Published: |
Texas :
Business Pubs. ,
1981
|
| Edition: | 4th. ed. |
| Subjects: |
MARC
| LEADER | 00000cam a2200000 7i4500 | ||
|---|---|---|---|
| 001 | 0000004099 | ||
| 005 | 20050506.0 | ||
| 020 | |a 025602426X | ||
| 040 | |a INS | ||
| 090 | 0 | 0 | |a HD31. |b I93 1981 |
| 100 | 1 | |a Donnelly, James H. | |
| 245 | 1 | 0 | |a Fundamentals of management : |b Selected readings |c edited by James H. Donnelly, James L. Gibson, John M. Ivancevich |
| 250 | |a 4th. ed. | ||
| 260 | |a Texas : |b Business Pubs. , |c 1981 | ||
| 300 | |a 344p. ; |c 23 cm. | ||
| 650 | 0 | 0 | |a Management |
| 700 | 1 | |a Gibson, James L. | |
| 700 | 1 | |a Ivancevich, John M. | |
| 999 | |a 0000002009 |b BOOK |c Open Shelf |e Default branch | ||